Statistics for all lana del rey songs with over 100 million views

Click here to take the quiz!

General Stats

  • This quiz has been taken 17 times
  • The average score is 39 of 65

Answer Stats

Views (in millions)Answer% Correct
638+Born To Die
100%
862+Video Games
100%
435+Blue Jeans
90%
465+Cinnamon Girl
90%
1,332+Summertime Sadness
90%
266+Ultraviolence
90%
616+Brooklyn Baby
80%
251+Chemtrails Over The Country Club
80%
398+Dark Paradise
80%
282+Norman Fucking Rockwell
80%
221+Off To The Races
80%
527+Radio
80%
241+Sad Girl
80%
164+Salvatore
80%
651+West Coast
80%
1,173+Young and Beautiful
80%
240+Art Deco
70%
173+Carmen
70%
274+Cherry
70%
473+Diet Mountain Dew
70%
642+Doin' Time
70%
112+Florida Kilos
70%
262+High By The Beach
70%
123+Lolita
70%
316+Love
70%
338+Lust For Life
70%
125+Music To Watch Boys To
70%
419+National Anthem
70%
343+Ride
70%
171+Shades Of Cool
70%
161+Venice Bitch
70%
142+White Mustang
70%
101+Black Beauty
60%
155+Cola
60%
251+Pretty When You Cry
60%
219+The Other Woman
60%
112+Without You
60%
119+13 Beaches
50%
134+A&W
50%
181+Dealer
50%
103+Did you know that there's a ...
50%
174+Hope is a dangerous thing for...
50%
134+In My Feelings
50%
145+Love song
50%
156+Million Dollar Man
50%
115+The greatest
50%
131+Freak
40%
207+Fuck it I love you
40%
112+Get Free
40%
307+Happiness is a butterfly
40%
167+How to disappear
40%
215+Mariners Apartment Complex
40%
133+Money Power Glory
40%
152+Old Money
40%
430+Say yes to heaven
40%
155+Summer Bummer
40%
145+This Is What Makes Us Girls
40%
101+Fucked My Way Up To The Top
30%
138+Gods & Monsters
30%
104+Groupie Love
30%
196+Let The Light In
30%
100+Margaret
30%
110+Peppers
30%
108+California
20%
147+Once upon a dream
10%

Score Distribution

Percentile by Number Answered

Percent of People with Each Score

Your Score History

You have not taken this quiz